Engineering experiment station series. Bulletin.

Bibliographic Details
Corporate Authors: University of Washington. Engineering Experiment Station, University of Washington. Bureau of Industrial Research
Format: Journal
Language:English
Published: Seattle : University of Washington.
Subjects:
Online Availability: Check for online availability

MARC

Tag First Indicator Second Indicator Subfields
LEADER 00000cas a2200000 4500
001 in00000055330
005 20151008052219.0
008 751101d19171951wauuu1p 0uuua1eng d
010 |a  17027469  
012 |e n 
022 |a 0097-6342 
035 |a (OCoLC)01769471 
035 |9 AAH2256AM 
040 |a MUL  |c MUL  |d NSD  |d IUL  |d NSD  |d TXA  |d UtOrBLW 
042 |a nsdp 
049 |a TXAE 
090 |a TA7  |b .W3 
110 2 |a University of Washington.  |b Engineering Experiment Station. 
222 0 |a Bulletin - University of Washington, Engineering Experiment Station 
245 1 0 |a Engineering experiment station series.  |p Bulletin. 
264 1 |a Seattle :  |b University of Washington. 
300 |a 119 nos :  |b illustrations, plates, diagrams ;  |c 23 cm. 
336 |a text  |b txt  |2 rdacontent 
337 |a unmediated  |b n  |2 rdamedia 
338 |a volume  |b nc  |2 rdacarrier 
362 0 |a no. 1-119; 1917-1951. 
550 |a No. 1-3 issued by the Bureau of industrial research, University of Washington, under title Bulletin. 
650 0 |a Engineering. 
710 2 |a University of Washington.  |b Bureau of Industrial Research. 
710 2 2 |a University of Washington.  |b Bureau of Industrial Research.  |t Bulletin. 
999 |a MARS 
999 f f |s 917bca7a-9f9d-3cbf-92ec-f9970b85bf1a  |i 533c6bb9-4db5-3717-9a8b-d2f2777258eb  |t 0 
952 f f |p ric  |a Texas A&M University  |b Rellis Campus  |c Joint Library Facility  |d Remote Storage  |t 0  |e TA7 .W3  |h Library of Congress classification  |i unmediated -- volume  |k no.110  |l 1943  |m A14851195678 
952 f f |p ric  |a Texas A&M University  |b Rellis Campus  |c Joint Library Facility  |d Remote Storage  |t 0  |e TA7 .W3  |h Library of Congress classification  |i unmediated -- volume  |k no.5-10  |l 1919-1920  |m A14851195637 
952 f f |p ric  |a Texas A&M University  |b Rellis Campus  |c Joint Library Facility  |d Remote Storage  |t 0  |e TA7 .W3  |h Library of Congress classification  |i unmediated -- volume  |k no.111  |l 1943  |m A14851196205 
952 f f |p ric  |a Texas A&M University  |b Rellis Campus  |c Joint Library Facility  |d Remote Storage  |t 0  |e TA7 .W3  |h Library of Congress classification  |i unmediated -- volume  |k no.114-116  |l 1949-1954  |m A14851195819 
952 f f |p ric  |a Texas A&M University  |b Rellis Campus  |c Joint Library Facility  |d Remote Storage  |t 0  |e TA7 .W3  |h Library of Congress classification  |i unmediated -- volume  |k no.103  |l 1940  |m A14851195793 
952 f f |p ric  |a Texas A&M University  |b Rellis Campus  |c Joint Library Facility  |d Remote Storage  |t 0  |e TA7 .W3  |h Library of Congress classification  |i unmediated -- volume  |k no.113  |l 1945  |m A14851195942 
952 f f |p ric  |a Texas A&M University  |b Rellis Campus  |c Joint Library Facility  |d Remote Storage  |t 0  |e TA7 .W3  |h Library of Congress classification  |i unmediated -- volume  |k no.112  |l 1944  |m A14851196072 
952 f f |p ric  |a Texas A&M University  |b Rellis Campus  |c Joint Library Facility  |d Remote Storage  |t 0  |e TA7 .W3  |h Library of Congress classification  |i unmediated -- volume  |k no.71-80  |l 1933-1935  |m A14851196049 
952 f f |p ric  |a Texas A&M University  |b Rellis Campus  |c Joint Library Facility  |d Remote Storage  |t 0  |e TA7 .W3  |h Library of Congress classification  |i unmediated -- volume  |k no.81-90  |l 1935-1936  |m A14851195918 
952 f f |p ric  |a Texas A&M University  |b Rellis Campus  |c Joint Library Facility  |d Remote Storage  |t 0  |e TA7 .W3  |h Library of Congress classification  |i unmediated -- volume  |k no.91-92,94-96,98-100  |l 1936-1940  |m A14851195785 
952 f f |p ric  |a Texas A&M University  |b Rellis Campus  |c Joint Library Facility  |d Remote Storage  |t 0  |e TA7 .W3  |h Library of Congress classification  |i unmediated -- volume  |k no.109  |l 1942  |m A14851195801 
952 f f |p ric  |a Texas A&M University  |b Rellis Campus  |c Joint Library Facility  |d Remote Storage  |t 0  |e TA7 .W3  |h Library of Congress classification  |i unmediated -- volume  |k no.93  |l 1937  |m A14851195652 
952 f f |p ric  |a Texas A&M University  |b Rellis Campus  |c Joint Library Facility  |d Remote Storage  |t 0  |e TA7 .W3  |h Library of Congress classification  |i unmediated -- volume  |k no.119  |l 1951  |m A14851195959 
952 f f |p ric  |a Texas A&M University  |b Rellis Campus  |c Joint Library Facility  |d Remote Storage  |t 0  |e TA7 .W3  |h Library of Congress classification  |i unmediated -- volume  |k no.102  |l 1940  |m A14851195926 
952 f f |p ric  |a Texas A&M University  |b Rellis Campus  |c Joint Library Facility  |d Remote Storage  |t 0  |e TA7 .W3  |h Library of Congress classification  |i unmediated -- volume  |k no.31  |l 1925  |m A14851195900 
952 f f |p ric  |a Texas A&M University  |b Rellis Campus  |c Joint Library Facility  |d Remote Storage  |t 0  |e TA7 .W3  |h Library of Congress classification  |i unmediated -- volume  |k no.32-40  |l 1925-1927  |m A14851195777 
952 f f |p ric  |a Texas A&M University  |b Rellis Campus  |c Joint Library Facility  |d Remote Storage  |t 0  |e TA7 .W3  |h Library of Congress classification  |i unmediated -- volume  |k no.61-70  |l 1932-1933  |m A14851196171 
952 f f |p ric  |a Texas A&M University  |b Rellis Campus  |c Joint Library Facility  |d Remote Storage  |t 0  |e TA7 .W3  |h Library of Congress classification  |i unmediated -- volume  |k no.105  |l 1940  |m A14851196197 
952 f f |p ric  |a Texas A&M University  |b Rellis Campus  |c Joint Library Facility  |d Remote Storage  |t 0  |e TA7 .W3  |h Library of Congress classification  |i unmediated -- volume  |k no.41-50  |l 1927-1929  |m A14851195645 
952 f f |p ric  |a Texas A&M University  |b Rellis Campus  |c Joint Library Facility  |d Remote Storage  |t 0  |e TA7 .W3  |h Library of Congress classification  |i unmediated -- volume  |k no.11-20  |l 1920-1923  |m A14851196163 
952 f f |p ric  |a Texas A&M University  |b Rellis Campus  |c Joint Library Facility  |d Remote Storage  |t 0  |e TA7 .W3  |h Library of Congress classification  |i unmediated -- volume  |k no.101  |l 1940  |m A14851196056 
952 f f |p ric  |a Texas A&M University  |b Rellis Campus  |c Joint Library Facility  |d Remote Storage  |t 0  |e TA7 .W3  |h Library of Congress classification  |i unmediated -- volume  |k no.1  |l 1917  |m A14851195769 
952 f f |p ric  |a Texas A&M University  |b Rellis Campus  |c Joint Library Facility  |d Remote Storage  |t 0  |e TA7 .W3  |h Library of Congress classification  |i unmediated -- volume  |k no.118  |l 1951  |m A14851196080 
952 f f |p ric  |a Texas A&M University  |b Rellis Campus  |c Joint Library Facility  |d Remote Storage  |t 0  |e TA7 .W3  |h Library of Congress classification  |i unmediated -- volume  |k no.108  |l 1942  |m A14851195934 
952 f f |p ric  |a Texas A&M University  |b Rellis Campus  |c Joint Library Facility  |d Remote Storage  |t 0  |e TA7 .W3  |h Library of Congress classification  |i unmediated -- volume  |k no.106  |l 1941  |m A14851196064 
952 f f |p ric  |a Texas A&M University  |b Rellis Campus  |c Joint Library Facility  |d Remote Storage  |t 0  |e TA7 .W3  |h Library of Congress classification  |i unmediated -- volume  |k no.51-60  |l 1929-1932  |m A14811223731 
952 f f |p ric  |a Texas A&M University  |b Rellis Campus  |c Joint Library Facility  |d Remote Storage  |t 0  |e TA7 .W3  |h Library of Congress classification  |i unmediated -- volume  |k no.21-27,29-30  |l 1923-1924  |m A14851196031 
952 f f |p ric  |a Texas A&M University  |b Rellis Campus  |c Joint Library Facility  |d Remote Storage  |t 0  |e TA7 .W3  |h Library of Congress classification  |i unmediated -- volume  |k no.97  |l 1938  |m A14851196189 
952 f f |p ric  |a Texas A&M University  |b Rellis Campus  |c Joint Library Facility  |d Remote Storage  |t 0  |e TA7 .W3  |h Library of Congress classification  |i unmediated -- volume  |k no.104  |l 1941  |m A14851195660 
952 f f |p ric  |a Texas A&M University  |b Rellis Campus  |c Joint Library Facility  |d Remote Storage  |t 0  |e TA7 .W3  |h Library of Congress classification  |i unmediated -- volume  |k no.117  |l 1950  |m A14851195686 
998 f f |a TA7 .W3  |s no.108-119  |t 0  |l Remote Storage